00525nam a2200181Ii 450000100060000000300090000600800410001504000330005604100080008908200160009710000260011324500520013926400590019130000120025033600260026233700280028833800270031610699CO-ViMGA241108s9999||||xx |||||||||||||| ||und|| aCO-ViMGAbspaerdacCO-ViMGA0 aunk04a860.09-L8641 aJuan López Morillas10aHacia el 98:bliteratura, sociedad, ideología 1a[Lugar de publicación no identificado] : Ariel, 1972 avolumen atextbtxt2rdacontent aunmediatedbn2rdamedia avolumebnc2rdacarrier